000 00516nam a2200181Ia 4500
003 OSt
005 20200114125005.0
008 190216s9999||||xx |||||||||||||| ||und||
020 _a8127228699
040 _coclc
082 _a657.42
_bJAI/I
100 _aJain, S P
_91169
245 0 _aIntroduction To Cost Accounting /
_cS P Jain ; K L Narang
250 _a5th ed.
260 _bKalyani Publishers,
_c2006.
_aNew Delhi:
300 _a467p
942 _cBK
_2ddc
_h657.42
_iJAI/I
_k657.42
_mJAI/I
999 _c7057
_d7057